Terrorism in world politics india' response / (Record no. 139584)

MARC details
000 -LEADER
fixed length control field 00505nam a22001697a 4500
010 ## - LCCN (DPL NO)
LC control number ENG-118075
020 ## - INTERNATIONAL STANDARD BOOK NUMBER
International Standard Book Number 9789381209301
Terms of availability 2500.00
035 ## - SYSTEM CONTROL NUMBER
System control number EN-101607
037 ## - SOURCE OF ACQUISITION
Source of stock number/acquisition DBAD/PUB
082 ## - DEWEY DECIMAL CLASSIFICATION NUMBER
Classification number 363.325
100 ## - MAIN ENTRY--PERSONAL NAME
Personal name Pattnaik, Girija Prasanna
245 ## - TITLE STATEMENT
Title Terrorism in world politics india' response /
Statement of responsibility, etc by Girija Prasanna Pattnaik
260 ## - PUBLICATION, DISTRIBUTION, ETC. (IMPRINT)
Place of publication, distribution, etc Kolkata
Name of publisher, distributor, etc Punthi Pustak
Date of publication, distribution, etc 2016
270 ## - ADDRESS
Address 136/4B, Bidhan Sarani
300 ## - PHYSICAL DESCRIPTION
Extent 406p.
Dimensions 24cm(Hb)
942 ## - ADDED ENTRY ELEMENTS (KOHA)
Source of classification or shelving scheme Dewey Decimal Classification
Item type English Books
Classification part 363.325
Call number suffix PAT
Holdings
Withdrawn status Lost status Not for loan Collection code Home library Current library Date acquired Source of acquisition Cost, normal purchase price Full call number Barcode Copy number Cost, replacement price Koha item type
      Non-fiction Shahdara Branch Shahdara Branch 08/05/2017 DBAD/PUB 2500.00 363.325 PAT EN-101607 1 2500.00 English Books

© Delhi Public Library
Hit Counter
free hit counter